| 000 | 00540nam a2200193Ia 4500 | ||
|---|---|---|---|
| 003 | GCL | ||
| 008 | 140319s9999 xx 000 0 eng d | ||
| 040 |
_aGCL / _cGCL |
||
| 082 | 0 | 4 |
_a621.382 _bK E |
| 100 | 1 | _aKENNEDY, GEORGE | |
| 245 | 1 | 0 |
_aELECTROINC COMMUNICATION SYSTEMS / _cKENNEDY, GEORGE |
| 260 |
_a[S.N] : _bGLENCO\ MACMILLAN\ MCGRAW-HILL ، _c1993 |
||
| 300 | _a703\P | ||
| 650 | 0 | 4 | _aالتحليل الرياضى |
| 650 | 0 | 4 | _aTELECOMMUNICATION |
| 650 | 0 | 4 | _aELECTRONICS |
| 650 | 0 | 4 | _aELECTRIC ENGINEERING |
| 942 |
_2ddc _cBK |
||
| 999 |
_c19986 _d19986 |
||